Tables de 6, jusqu'à 20 - Statistiques

Statistiques générales
  • Ce quiz a été pris 181 fois
  • Le résultat moyen est 11 sur 20
Statistiques - réponses
Hint Réponse % Correct
6x2 12
79%
6x3 18
70%
6x1 6
66%
6x4 24
64%
6x6 36
64%
6x8 48
64%
6x10 60
64%
6x9 54
62%
6x20 120
60%
6x5 30
58%
6x7 42
55%
6x11 66
51%
6x12 72
45%
6x14 84
45%
6x17 102
42%
6x15 90
42%
6x19 114
38%
6x16 96
36%
6x18 108
34%
6x13 78
34%
Aucun quiz correspondant
Distribution des résultats
% des personnes avec chaque résultat
Percentile par nombre de réponses
Votre historique - résultats
Vous n’avez pas pris ce quiz